Statistiken für Die 10 größten Länder Südamerikas nach Fläche

Klicken Sie hier um das Quiz zu spielen!

Allgemein

  • Dieses Quiz wurde 179 mal gespielt
  • Das Durchschnittsergebnis liegt bei 9 aus 10

Antwortstatistiken

PlatzFlächeLand% Korrekt
1.8.514.215 km²Brasilien
100%
7.755.696 km²Chile
99%
3.1.285.220 km²Peru
99%
2.2.780.400 km²Argentinien
98%
5.1.098.581 km²Bolivien
94%
4.1.138.748 km²Kolumbien
94%
8.406.752 km²Paraguay
94%
6.916.445 km²Venezuela
91%
9.283.561 km²Ecuador
90%
10.214.970 km²Guyana
80%

Verteilung der Resultate

Perzentil nach korrekt beantworteten Fragen

Anzahl Personen mit jedem Resultat

Ihre Resultats-Entwicklung

Sie haben dieses Quiz noch nicht gespielt